International value - international prices

Salvato in:
Dettagli Bibliografici
Autore principale: Zelkó, Lajos
Natura: Libro
Lingua:inglese
Pubblicazione: Budapest Akadémiai Kiadó 1980
Tags: Aggiungi Tag
Nessun Tag, puoi essere il primo ad aggiungerne!!

MARC

LEADER 00000nam a2200000 4500
001 c138492
005 20231103121855.2
041 0 |a eng 
044 |a HU 
245 1 0 |a International value - international prices  |c Lajos Zelkó 
264 1 |a Budapest  |b Akadémiai Kiadó  |c 1980 
300 |a 153 s. 
100 1 |a Zelkó, Lajos